Workers’ control : A book of readings and witnesses for workers’ control

Đã lưu trong:
Bibliografiske detaljer
Format: Bog
Sprog:Undetermined
Udgivet: London Panther 1970
Fag:
Tags: Tilføj Tag
Ingen Tags, Vær først til at tagge denne postø!
Thư viện lưu trữ: Trung tâm Học liệu Trường Đại học Cần Thơ
LEADER 00547nam a2200193Ia 4500
001 CTU_97883
008 210402s9999 xx 000 0 und d
082 |a 331.15 
082 |b W927 
245 0 |a Workers’ control : 
245 2 |b A book of readings and witnesses for workers’ control 
245 0 |c Edited by Ken Coates and Tony Topham 
260 |a London 
260 |b Panther 
260 |c 1970 
650 |a Management 
650 |x Employee participation 
904 |i M.Loan 
980 |a Trung tâm Học liệu Trường Đại học Cần Thơ